ბათუმის შოთა რუსთაველის სახელმწიფო უნივერსიტეტის ბიბლიოთეკა

ახალი გლეხები (ბიბ.ჩანაწერი № 42512)

000 -LEADER
fixed length control field 00704nam a2200241Ia 4500
001 - CONTROL NUMBER
control field 9209
003 - CONTROL NUMBER IDENTIFIER
control field GE_BSU
008 - FIXED-LENGTH DATA ELEMENTS--GENERAL INFORMATION
fixed length control field 181216s||||||||xx |||||||||||||| ||und||
040 ## - CATALOGING SOURCE
Transcribing agency GE_BSU
080 ## - UNIVERSAL DECIMAL CLASSIFICATION NUMBER
Universal Decimal Classification number 821.353.1-4
100 ## - MAIN ENTRY--PERSONAL NAME
Personal name ლორთქიფანიძე,კონსტანტინე
245 ## - TITLE STATEMENT
Title ახალი გლეხები
245 ## - TITLE STATEMENT
Remainder of title ნარკვევები
250 ## - EDITION STATEMENT
Edition statement მე-2გამოც.
260 ## - PUBLICATION, DISTRIBUTION, ETC.
Place of publication, distribution, etc. ტფილისი.
260 ## - PUBLICATION, DISTRIBUTION, ETC.
Name of publisher, distributor, etc. სახელგამი
260 ## - PUBLICATION, DISTRIBUTION, ETC.
Date of publication, distribution, etc. 1931
300 ## - PHYSICAL DESCRIPTION
Extent 82გვ;17სმ
653 ## - INDEX TERM--UNCONTROLLED
Uncontrolled term ახალი გლეხები
653 ## - INDEX TERM--UNCONTROLLED
Uncontrolled term ნარკვევები
942 ## - ADDED ENTRY ELEMENTS (KOHA)
Koha item type წიგნი
ეგზემპლარები
Withdrawn status Lost status Damaged status Not for loan Date acquired Barcode Date last seen Price effective from Koha item type
        2018-12-17 32079 2018-12-17 2018-12-17 წიგნი